| 000 | 00686 a2200169 4500 | ||
|---|---|---|---|
| 005 | 20211029094210.0 | ||
| 008 | 210805b ||||| |||| 00| 0 eng d | ||
| 020 | _aMinisterio del interior y de j | ||
| 040 |
_aCO-BoUCM _bspa _cDeissy Garcia _dDeissy Garcia |
||
| 100 |
_aMinisterio del Interior y de Justicia _9104494 |
||
| 110 |
_aMinisterio del interior y de justicia _9104508 |
||
| 245 |
_aEstatuto general de contratación administrativa _bLey 80 de 1993 _cMinisterio del Interior y de Justicia |
||
| 260 |
_aBogotá _bMinisterio del Interior y de Justicia _c1995 |
||
| 650 | 7 |
_aContratos administrativos _97452 |
|
| 942 |
_a8 _cLIBRO _2LOCAL _e1 _h342.06 _mM665e _n0 |
||
| 999 |
_c315987 _d315987 |
||